000 00394nam a2200109Ia 4500
008 171204s9999 xx 000 0 und d
245 _aTreating Traumatized Children: A Casebook of Evidence-Based Therapies
245 _cBrian Allen PsyD and Mindy Kronenberg PhD
260 _c2014
650 _xPSYCHOLOGICAL COUNSELING AND PSYCHOTHERAPY
856 _uhttp://down.ebook777.com/042/1462516947.pdf
999 _c346521
_d346521